000 01050cam a2200289 a 4500
999 _c1081
_d1081
001 15370816
003 GZU
005 20200923103303.0
008 080717s2009 mauab b 001 0 eng
010 _a 2008031310
020 _a9780073405360 (alk. paper)
020 _a0073405361 (alk. paper)
040 _aDLC
_cDLC
_dDLC
050 0 0 _aGN25
_b.K67 2009
082 0 0 _a301
_222
100 1 _aKottak, Conrad Phillip.
245 1 0 _aCultural Anthropology :
_cConrad Phillip Kottak.
250 _a13th ed.
260 _aBoston :
_bMcGraw-Hill Higher Education,
_cc2009.
300 _axxix; 400p. (various pagings)
_bill. (some col.), col. maps ;
_c28 cm.
504 _aIncludes bibliographical references and index.
650 0 _aAnthropology.
856 4 1 _3Table of contents only
_uhttp://www.loc.gov/catdir/toc/ecip0823/2008031310.html
906 _a7
_bcbc
_corignew
_d1
_eecip
_f20
_gy-gencatlg
942 _2lcc
_cBK
_e13th
_h316.64
_iKOT
_kGN